Most Populous New York Municipalities in 1850 - Statistics

General Stats
  • This quiz has been taken 11 times
  • The average score is 8 of 10
Answer Stats
Population County Status Municipality % Correct
50,763 ______ City Albany
100%
42,261 Erie City Buffalo
100%
515,547 ___ ____ City New York City
100%
138,822 Kings City Brooklyn
91%
36,403 Monroe City Rochester
91%
22,271 Onondaga City Syracuse
91%
11,511 Dutchess Village Poughkeepsie
73%
17,565 Oneida City Utica
73%
28,785 Rensselaer City Troy
64%
12,205 ______ City Oswego
36%
No matching quizzes found
Score Distribution
Percent of People with Each Score
Percentile by Number Answered
Your Score History
You have not taken this quiz